000 03074ngm a2200493 4500
003 dpl
005 20081203120424.0
007 DVD
008 ||||||sp199 xxu|||||c ||| 00| 0 ng d
010 _aDVD-001361-1362 DVD-001688 & DVD-004781-4784 & DVD-005669
024 _aSHE DVD 226
_c169.00
035 _aDVD-001361-1362 DVD-001688
035 _aDVD-004781-4784
035 _aDVD-005669
040 _aDPL
_cDPL
082 _aDVD / KALA
245 _aKala Pani
_cNav Ketan Presents
_h[videorecording] DVD/
260 _bShemaroo Video Pvt. Ltd.
300 _a1 videodisc DVD; (138 min.) :
_bsd., col. ;
_c4 3/4 in.
_fDVD
440 _aShemaroo Home Entertainment
500 _aFilmfare Award Winner, Best Actor: Dev Anand, Best Sporting Actress: Nalini Jaywant
538 _aDolby Digital 5.1 - Hindi Subtitles: English, Tamil, Telugu and Bengali
538 _aAnamorphic Wide Screen Format, Presented 2:35.1 Aspect Ratio Enhancaead for 16:9 Wide Screen
650 _aMotion Picture
700 _aAnand, Dev
700 _aKhosla, Raj
700 _aBurman, S. D.
700 _aMadhubala
700 _aJaywant, Nalini
700 _a Walker, Johny
700 _aSahu, Kishore
942 _cCF
_2ddc
_hDVD
_mKALA
999 _c19419
_d19419